000 00916nam a22002295i 4500
001 167206
003 ES-MaACL
005 20251126140718.0
008 971230s1894 sp a |||| | spa d
040 _aNA
_bspa
_cNA
100 1 _aVera y González, Enrique.
_9133625
245 1 3 _aEl Marqués de Santa Marta
_b: estudio biográfico /
_cpor Enrique Vera y González.
260 _aMadrid :
_b[s. n. ],
_c1894 (
_fImprenta de Dionisio de los Ríos)
300 _a2 v. (629, [1] h. de fot. ; 747 p.) ;
_c25 cm.
599 1 _aLa h. de fot. es retrato de D. Enrique Pérez de Guzmán.
600 1 7 _aSanta Marta, Enrique Pérez de Guzmán el Bueno,
_cMarqués de,
_d1826-1902
_2
_9131484
700 1 1 _aRíos, Dionisio de los
_eimp.
_9132233
752 _aEspaña -
_dMadrid
852 _aES-MaACL
_jF-10427-10428
_z-- Rúst.
852 _aES-MaACL
_jG-10179-10180
_z-- Enc. hol.
999 _c167206
_d167206